Perspectiva histórica del movimiento campesino revolucionario en El Salvador/

Furkejuvvon:
Bibliográfalaš dieđut
Searvvušdahkki: Federación de Trabajadores del Campo (El Salvador) (Autor)
Materiálatiipa: Girji
Giella:Spanish
Almmustuhtton: San Salvador : Ediciones Enero 32, 1979
Ráidu:Colección: Perspectiva
Fáddágilkorat: Lasit fáddágilkoriid
Eai fáddágilkorat, Lasit vuosttaš fáddágilkora!

MARC

LEADER 00000nam a22000007a 4500
003 cru CRAI/IIS
005 20210205062554.0
008 210204s1979 es |||||r||||||0| ||spa|d
999 |c 42329  |d 42329 
040 |c cru CRAI/IIS 
090 |a 05.03.05 F293p 
110 2 |a Federación de Trabajadores del Campo (El Salvador)  |e Autor  |9 9804 
245 1 |a Perspectiva histórica del movimiento campesino revolucionario en El Salvador/  |c Federación de Trabajadores del Campo 
260 |a San Salvador :   |b Ediciones Enero 32,   |c 1979 
300 |a 62 páginas 
490 0 |a Colección: Perspectiva 
942 |2 ddc  |c LI